000 00826nam a22002657a 4500
003 OSt
005 20251210152632.0
008 250715b |||||||| |||| 00| 0 eng d
020 _a9780241454985 (Paperback)
_cUSD 33.00
040 _aNUST
_beng
_cNUST
_dNUST
_erda
050 _aQE432 JAC
100 _aJackson, Tom
_eAuthor
245 _aWhat's that rock or mineral? /
_cTom Jackson.
260 _aLondon :
_bDorling Kindersley,
_c©2014.
300 _a128 pages :
_bIllustrations ;
_c19 cm.
336 _2rdacontent
_atext
_btxt
337 _2rdamedia
_aunmediated
_bn
338 _2rdacarrier
_avolume
_bnc
504 _aIncludes index.
650 _aMinerals.
650 _aMinerals identification.
650 _aRocks.
650 _aRocks identification.
942 _2lcc
_cREF
_hQE432 JAC
_kQE
_mJAC
_n0
_01
999 _c172238
_d172238